Introduction to the embryology of angiosperms / (Record no. 51134)

MARC details
000 -LEADER
fixed length control field 00519nam a2200193Ia 4500
005 - DATE AND TIME OF LATEST TRANSACTION
control field 20260429111838.0
008 - FIXED-LENGTH DATA ELEMENTS--GENERAL INFORMATION
fixed length control field 260429s9999||||xx |||||||||||||| ||und||
020 ## - INTERNATIONAL STANDARD BOOK NUMBER
International Standard Book Number 9789384502805
041 ## - LANGUAGE CODE
Language English
082 ## - DEWEY DECIMAL CLASSIFICATION NUMBER
Classification number 582.130
Item number MAH
100 ## - MAIN ENTRY--PERSONAL NAME
Personal name Maheshwari, P.
245 #0 - TITLE STATEMENT
Title Introduction to the embryology of angiosperms /
Statement of responsibility, etc P. Maheshwari
250 ## - EDITION STATEMENT
Edition statement 1st ed.
260 ## - PUBLICATION, DISTRIBUTION, ETC. (IMPRINT)
Place of publication, distribution, etc New Delhi :
Name of publisher, distributor, etc Agri-Biovet Press,
Date of publication, distribution, etc 2019.
300 ## - PHYSICAL DESCRIPTION
Extent vii, 365 p.; hb
650 ## - SUBJECT ADDED ENTRY--TOPICAL TERM
Topical term or geographic name as entry element Embryology
650 ## - SUBJECT ADDED ENTRY--TOPICAL TERM
Topical term or geographic name as entry element Angiosperms
942 ## - ADDED ENTRY ELEMENTS (KOHA)
Koha item type Text Books
Holdings
Withdrawn status Lost status Damaged status Not for loan Collection code Home library Location Shelving location Date of Cataloging Source of acquisition Total Checkouts Full call number Barcode Date last seen Price effective from Koha item type
        Non-fiction CUTN Central Library CUTN Central Library Sciences 29/04/2026 Prashant Book Agency, New Delhi - Invoice No. 536 on 09-02-2026   582.130 MAH 55989 29/04/2026 29/04/2026 Text Books